00530 2200193 4500001002100000005001500021008004100036020002200077035001900099041000700118082001500125090002100140100002000161245003000181260004200211300002900253500001100282650004300293INLIS00000000000640020241224113302241224||||||||| | ||| |||| || |  a978-602-99443-2-7 0010-1224006400 aid0 a912.598.28 a912.598.28 IRM s0 aIrma Susilowati00a101 Fakta Unik Jawa Timur aSurabayabPustaka Wijaya Kusumac2017 aviii,56 hlm.:ilus.;25 cm aCet. 3 0a101 Fakta Unik -- Sejarah dan Geografi